00858 a2200181 4500003000500000005001700005010001700022020001500039040000900054082001600063100002300079245008400102260004700186300002900233505028900262650003400551856009100585Nust20220803102157.0 a 2005050581 a0824753879 cNust00a621.317,BEN1 aBennett, Johnny C.10aPractical Computer Analysis of Switch Mode Power Supplies /cJohnny C. Bennett. aBoca Raton, FL :bTaylor & Francis,c2005. a260 p. :bill. ;c24 cm. aReview of switch mode power supply fundamentals (Page-1), SMPS analysis requirements (Page-19), Fundamental switch mode converter model development (Page-37), Analyzing the fundamental SMPS model (Page-59), SMPS component models (Page-95), Analyzing the advanced SMPS model (Page-129) 0aTelecommunication Engineering423Publisher descriptionuhttp://www.loc.gov/catdir/enhancements/fy0647/2005050581-d.html